000 00543nam a2200181Ia 4500
008 100917s9999 xx 000 0 und d
082 _b31791
100 _aरजनीश भगवान
245 _aमहावीर वाणी
260 _bजीवन जागृती प्रकाशन
_c1975
300 _a138
365 _b5
520 _aअध्यात्म
630 _aमहावीर वाणी
650 _aअध्यात्म
730 _aमहावीर वाणी
942 _cBOOK
999 _c637185
_d637182